[Event "GER-ch Net blitz qual1"]
[Site "Playchess.com INT"]
[Date "2020.03.07"]
[Round "6"]
[White "Eilenberg, Jonas"]
[Black "Walter, Kevin"]
[Result "1/2-1/2"]
[WhiteElo "2137"]
[BlackElo "2143"]
[PlyCount "172"]
[EventDate "2020.03.07"]
[EventType "swiss (blitz)"]
[EventRounds "9"]
[EventCountry "GER"]
[SourceTitle "CBM 195 Extra"]
[Source "ChessBase"]
[SourceDate "2020.05.31"]
[SourceVersion "1"]
[SourceVersionDate "2020.05.31"]
[SourceQuality "1"]

1. d4 Nf6 2. Nf3 g6 3. Nbd2 d5 4. b4 Bg7 5. e3 0-0 6. Be2 b6 7. 0-0 c5 8. bxc5 bxc5 9. Bb2 cxd4 10. Bxd4 Nc6 11. Rb1 Bf5 12. Rb5 Rc8 13. c4 Nxd4 14. Nxd4 Bd7 15. Rb7 Qa5 16. cxd5 Qxa2 17. N2b3 Qa3 18. Qa1 Qd6 19. Qxa7 Qxd5 20. Bf3 Qd6 21. Rb6 Qe5 22. Qa5 Qxa5 23. Nxa5 Rfd8 24. h3 e6 25. Nb7 Rf8 26. Nd6 Rb8 27. Rfb1 Rbd8 28. Nb7 Rc8 29. Nd6 Rc3 30. R6b3 Rxb3 31. Rxb3 Rd8 32. Rb7 Bf8 33. N6b5 Bxb5 34. Rxb5 Bd6 35. g3 Kf8 36. Kg2 Rc8 37. Nc6 Nd7 38. Rb7 Nf6 39. Rb5 Kg7 40. Nd4 h5 41. h4 Kf8 42. Nc6 Nd7 43. Nd4 Ne5 44. Bb7 Rc7 45. Bf3 Nc4 46. Rb8+ Ke7 47. Nc6+ Kf6 48. Rb5 Na3 49. Rb3 Nc4 50. Nd4 Nd2 51. Rb6 Nxf3 52. Nxf3 Bc5 53. Rb5 Ba7 54. Nd2 Rc2 55. Ne4+ Kg7 56. Kf3 Rc7 57. Ng5 Re7 58. Ne4 f5 59. Nd6 Kf6 60. Nc8 Rc7 61. Nxa7 Rxa7 62. Rb8 Ra2 63. Rf8+ Kg7 64. Re8 Kf7 65. Rb8 Ra1 66. Rb7+ Kf6 67. Rb8 Rh1 68. Rf8+ Kg7 69. Re8 Kf7 70. Rh8 e5 71. Rh7+ Kf6 72. Rh8 e4+ 73. Kg2 Ra1 74. Rf8+ Kg7 75. Rb8 Ra6 76. Rb7+ Kh6 77. Rb8 Re6 78. Rh8+ Kg7 79. Rb8 Kf6 80. Rf8+ Ke5 81. Rg8 Kf6 82. Rb8 Re5 83. Rf8+ Kg7 84. Rb8 Kf6 85. Rb6+ Kg7 86. Rb7+ Kf6 1/2-1/2

[Event "Oberliga Wuerttemberg 1819"]
[Site "Wuerttemberg"]
[Date "2018.10.14"]
[Round "2"]
[White "Sinz, Bernhard"]
[Black "Walter, Kevin"]
[Result "1-0"]
[WhiteElo "2390"]
[BlackElo "2196"]
[PlyCount "57"]
[EventDate "2018.09.23"]
[EventType "team-tourn"]
[EventRounds "9"]
[EventCountry "GER"]
[SourceTitle "EXT 2020"]
[Source "ChessBase"]
[SourceDate "2019.10.17"]
[SourceVersion "1"]
[SourceVersionDate "2019.10.17"]
[SourceQuality "1"]
[WhiteTeam "Biberach"]
[BlackTeam "Sontheim/Brenz"]
[WhiteTeamCountry "GER"]
[BlackTeamCountry "GER"]

1. e4 c5 2. Nf3 d6 3. d4 cxd4 4. Nxd4 Nf6 5. Nc3 a6 6. Bg5 e6 7. f4 Be7 8. Qf3 Nbd7 9. 0-0-0 Qc7 10. f5 Ne5 11. Qh3 Nfg4 12. Bxe7 Qxe7 13. Qg3 Qg5+ 14. Rd2 Qe3 15. Nf3 Nxf3 16. gxf3 Ne5 17. Be2 g5 18. Rhd1 Ke7 19. Kb1 Rd8 20. f6+ Kxf6 21. Rxd6 Rxd6 22. Rxd6 Qc5 23. f4 Ng6 24. e5+ Kg7 25. Qxg5 Qf2 26. Qf6+ Kh6 27. Rd3 Qxh2 28. Bf1 Qxf4 29. Rh3+ 1-0

[Event "Youth District Germany"]
[Site "Wuerzburg"]
[Date "2018.10.07"]
[Round "7.2"]
[White "Joeres, Stefan"]
[Black "Walter, Kevin"]
[Result "1-0"]
[WhiteElo "2039"]
[BlackElo "2196"]
[PlyCount "143"]
[EventDate "2018.10.02"]
[EventType "team-swiss"]
[EventRounds "7"]
[EventCountry "GER"]
[SourceTitle "CBM 186 Extra"]
[Source "ChessBase"]
[SourceDate "2018.08.24"]
[SourceVersion "1"]
[SourceVersionDate "2018.08.24"]
[SourceQuality "1"]
[WhiteTeam "Baden U20 II"]
[BlackTeam "Wuerttemberg U20"]
[WhiteTeamCountry "GER"]
[BlackTeamCountry "GER"]

1. e4 c5 2. Nf3 d6 3. d4 cxd4 4. Nxd4 Nf6 5. Nc3 a6 6. a3 e6 7. Be3 Nbd7 8. Nb3 Be7 9. Be2 Qc7 10. f4 b5 11. Bf3 Bb7 12. 0-0 0-0 13. Qe1 Rac8 14. Qf2 e5 15. f5 Nc5 16. Nxc5 dxc5 17. Rad1 Rfd8 18. Bg5 b4 19. Bxf6 Bxf6 20. Nb1 a5 21. Qe2 c4 22. c3 bxa3 23. Nxa3 Ba6 24. Rd5 Rb8 25. g3 Be7 26. Kh1 Rxd5 27. exd5 Rb3 28. Nb1 Bd6 29. f6 g6 30. Be4 Qc5 31. Qd2 Bb7 32. Rf2 Bf8 33. Re2 Bc8 34. Kg2 Bg4 35. Rf2 Qb6 36. Na3 Qc5 37. h3 Bc8 38. Qe2 Ba6 39. h4 Bh6 40. h5 Be3 41. Rf1 Bh6 42. hxg6 hxg6 43. Rh1 Qe3 44. Qxe3 Bxe3 45. Rb1 Bg5 46. Bf3 Bxf6 47. Be2 e4 48. Bxc4 Bxc4 49. Nxc4 Bxc3 50. d6 Bf6 51. Nxa5 Rd3 52. Nc4 Bg7 53. Ra1 Bf8 54. Ra6 f5 55. b4 g5 56. b5 f4 57. gxf4 gxf4 58. b6 Bxd6 59. Nxd6 Rxd6 60. b7 Rd2+ 61. Kf1 Rd1+ 62. Ke2 Rb1 63. Ra8+ Kf7 64. b8Q Rxb8 65. Rxb8 Ke6 66. Rb5 Kf6 67. Kd2 Ke6 68. Kc3 f3 69. Kd4 f2 70. Rb1 Kf5 71. Ke3 Kg4 72. Kxf2 1-0

[Event "GER-chT Lands U20"]
[Site "Hannover"]
[Date "2016.10.03"]
[Round "4.1"]
[White "Richter, Leonard"]
[Black "Walter, Kevin"]
[Result "1-0"]
[WhiteElo "2221"]
[BlackElo "2140"]
[PlyCount "57"]
[EventDate "2016.10.01"]
[EventType "team-swiss"]
[EventRounds "7"]
[EventCountry "GER"]
[SourceTitle "CBM 174 Extra"]
[Source "ChessBase"]
[SourceDate "2016.10.10"]
[SourceVersion "1"]
[SourceVersionDate "2016.10.10"]
[SourceQuality "1"]
[WhiteTeam "Sachsen"]
[BlackTeam "Wuerttemberg"]
[WhiteTeamCountry "GER"]
[BlackTeamCountry "GER"]

1. e4 c5 2. Nf3 e6 3. d4 cxd4 4. Nxd4 a6 5. Bd3 Nf6 6. 0-0 Qc7 7. c4 Bc5 8. Nb3 Ba7 9. Qe2 d6 10. Be3 Bxe3 11. Qxe3 Nc6 12. Nc3 0-0 13. Rfd1 Rd8 14. Bf1 b6 15. Rd2 Bd7 16. Rad1 Be8 17. Nd4 Nxd4 18. Rxd4 Rab8 19. Qd2 b5 20. e5 Nd7 21. exd6 Qc6 22. cxb5 axb5 23. Rb4 Nf6 24. Rxb5 Ra8 25. Rg5 Kh8 26. Rg3 Ne4 27. Nxe4 Qxe4 28. Qg5 Qg6 29. Qe7 1-0

[Event "Bodensee-Cup"]
[Site "Bregenz"]
[Date "2016.04.22"]
[Round "1.9"]
[White "Hartmann, Martin"]
[Black "Walter, Kevin"]
[Result "0-1"]
[WhiteElo "2017"]
[BlackElo "2142"]
[PlyCount "56"]
[EventDate "2016.04.22"]
[EventType "team-tourn"]
[EventRounds "3"]
[EventCountry "AUT"]
[SourceTitle "EXT 2018"]
[Source "ChessBase"]
[SourceDate "2017.10.13"]
[SourceVersion "1"]
[SourceVersionDate "2017.10.13"]
[SourceQuality "1"]
[WhiteTeam "Baden"]
[BlackTeam "Wuerttemberg"]
[WhiteTeamCountry "GER"]
[BlackTeamCountry "GER"]

1. e4 c5 2. Nf3 e6 3. d4 cxd4 4. Nxd4 a6 5. c4 Nf6 6. f3 Qc7 7. Be3 d5 8. cxd5 exd5 9. Nd2 Bd6 10. Rc1 Nc6 11. Qc2 Bd7 12. exd5 Nxd5 13. Qe4+ Nde7 14. Nxc6 Bxc6 15. Qg4 f5 16. Qxg7 0-0-0 17. Nc4 Bxh2 18. Rxh2 Qxh2 19. Qxe7 Rhe8 20. Qc5 Qg3+ 21. Ke2 f4 22. Nb6+ Kc7 23. Na8+ Rxa8 24. Qb6+ Kb8 25. Rxc6 Rxe3+ 26. Kd1 Qe1+ 27. Kc2 Qf2+ 28. Kb1 Re1+ 0-1

[Event "Oberliga Wuerttemberg 1516"]
[Site "Wuerttemberg"]
[Date "2015.11.15"]
[Round "3.4"]
[White "Walter, Kevin"]
[Black "Zilka, Stepan"]
[Result "1/2-1/2"]
[WhiteElo "2096"]
[BlackElo "2524"]
[PlyCount "81"]
[EventDate "2015.09.20"]
[EventType "team-tourn"]
[EventRounds "9"]
[EventCountry "GER"]
[SourceTitle "EXT 2019"]
[Source "ChessBase"]
[SourceDate "2018.10.10"]
[SourceVersion "1"]
[SourceVersionDate "2018.10.10"]
[SourceQuality "1"]
[WhiteTeam "Sontheim/Brenz"]
[BlackTeam "Deizisau"]
[WhiteTeamCountry "GER"]
[BlackTeamCountry "GER"]

1. e4 e5 2. Nf3 Nc6 3. Bb5 a6 4. Bxc6 dxc6 5. 0-0 f6 6. d4 Bg4 7. c3 Bd6 8. Be3 Ne7 9. Nbd2 Qd7 10. h3 Be6 11. c4 Ng6 12. d5 Bf7 13. Qc2 0-0 14. Rfd1 Rfd8 15. a3 Rac8 16. c5 Bf8 17. dxc6 Qxc6 18. Rdc1 Qb5 19. b4 Qe2 20. a4 Ne7 21. Ra3 Nc6 22. Re1 Rxd2 23. Bxd2 Qc4 24. Qxc4 Bxc4 25. Rc1 Be6 26. b5 Na7 27. bxa6 bxa6 28. Be3 Nc6 29. Rb1 Na5 30. Nd2 Rd8 31. Rc3 Kf7 32. c6 Be7 33. Kf1 f5 34. Ke1 fxe4 35. Bc5 Bd5 36. Bxe7 Kxe7 37. Rbc1 Kd6 38. Rd1 Ke7 39. Rc5 Nxc6 40. Rdc1 Kd6 41. R5c3 1/2-1/2

[Event "Wuerttemberg-ch KT"]
[Site "Gruenbach"]
[Date "2014.09.03"]
[Round "5"]
[White "Walter, Kevin"]
[Black "Kunz, Walter"]
[Result "1/2-1/2"]
[WhiteElo "2056"]
[BlackElo "2187"]
[PlyCount "74"]
[EventDate "2014.08.30"]
[EventType "swiss"]
[EventRounds "9"]
[EventCountry "GER"]
[SourceTitle "EXT 2017"]
[Source "ChessBase"]
[SourceDate "2016.10.25"]
[SourceVersion "1"]
[SourceVersionDate "2016.10.25"]
[SourceQuality "1"]

1. e4 c5 2. Nf3 Nc6 3. d4 cxd4 4. Nxd4 Nf6 5. Nc3 e6 6. Ndb5 Bb4 7. a3 Bxc3+ 8. Nxc3 d5 9. exd5 exd5 10. Bd3 0-0 11. 0-0 d4 12. Ne2 Bg4 13. f3 Bh5 14. Nf4 Bg6 15. Nxg6 hxg6 16. f4 Re8 17. f5 gxf5 18. Bxf5 Qd5 19. Bg5 Ne4 20. Qf3 Re5 21. Bh4 Nd2 22. Qh5 g6 23. Qh6 Rxf5 24. Rxf5 Qxf5 25. Qxd2 Re8 26. Rf1 Qg4 27. Qf2 f5 28. h3 Qe2 29. Re1 Qxe1+ 30. Qxe1 Rxe1+ 31. Bxe1 Kf7 32. Kf1 Ke6 33. Ke2 Kd5 34. c3 Ke4 35. cxd4 Nxd4+ 36. Kf2 b5 37. Bc3 Kd3 1/2-1/2

[Event "GER-chT U16"]
[Site "Lingen"]
[Date "2013.12.27"]
[Round "2.1"]
[White "Walter, Kevin"]
[Black "Peczely, Sebastian Zsombor"]
[Result "1-0"]
[WhiteElo "2003"]
[BlackElo "2105"]
[PlyCount "81"]
[EventDate "2013.12.27"]
[EventType "team-swiss"]
[EventRounds "7"]
[EventCountry "GER"]
[SourceTitle "EXT 2015"]
[Source "ChessBase"]
[SourceDate "2014.11.20"]
[SourceVersion "1"]
[SourceVersionDate "2014.11.20"]
[SourceQuality "1"]
[WhiteTeam "Sontheim/Brenz"]
[BlackTeam "Leipzig"]
[WhiteTeamCountry "GER"]
[BlackTeamCountry "GER"]

1. e4 c5 2. Nf3 e6 3. d4 cxd4 4. Nxd4 Nc6 5. Nb5 Nf6 6. N1c3 d6 7. Bf4 e5 8. Bg5 a6 9. Na3 b5 10. Bxf6 gxf6 11. Nd5 Bg7 12. c3 0-0 13. Bd3 Ne7 14. Nxe7+ Qxe7 15. 0-0 f5 16. Nc2 Bb7 17. exf5 e4 18. Be2 Qe5 19. Nd4 Rad8 20. Qd2 d5 21. Rfd1 Rd6 22. a4 Bh6 23. Qe1 bxa4 24. Rxa4 Kh8 25. c4 e3 26. Nf3 exf2+ 27. Qxf2 Qxb2 28. c5 Rf6 29. Qd4 Qxe2 30. Re1 Qc2 31. Qxf6+ Bg7 32. Qh4 d4 33. f6 Qxa4 34. fxg7+ Kxg7 35. Qg5+ Kh8 36. Qf6+ Kg8 37. Re5 Qd1+ 38. Ne1 h6 39. Qxh6 f5 40. Qg6+ Kh8 41. Re7 1-0

[Event "GER-ch U16"]
[Site "Oberhof"]
[Date "2013.05.24"]
[Round "8"]
[White "Bonk, Andras"]
[Black "Walter, Kevin"]
[Result "1-0"]
[WhiteElo "2078"]
[BlackElo "1931"]
[PlyCount "67"]
[EventDate "2013.05.19"]
[EventType "swiss"]
[EventRounds "9"]
[EventCountry "GER"]
[SourceTitle "CBM 154 Extra"]
[Source "ChessBase"]
[SourceDate "2013.06.25"]
[SourceVersion "2"]
[SourceVersionDate "2013.06.25"]
[SourceQuality "1"]

1. e4 c5 2. Nf3 e6 3. d4 cxd4 4. Nxd4 a6 5. Nc3 Qc7 6. Bd3 Nf6 7. 0-0 d6 8. Kh1 Nbd7 9. a4 b6 10. f4 Bb7 11. Qe1 Be7 12. Bd2 h5 13. Qg3 h4 14. Qh3 g6 15. Rae1 e5 16. Nf3 Nc5 17. Ng5 Bc8 18. Qf3 h3 19. gxh3 Nxd3 20. cxd3 Bb7 21. fxe5 dxe5 22. d4 Rd8 23. d5 0-0 24. Rg1 Nh7 25. Nxh7 Kxh7 26. Qe3 Bf6 27. h4 Rh8 28. h5 Kg7 29. Qf3 Qe7 30. Ref1 Rd6 31. Nd1 a5 32. Ne3 Bc8 33. Nc4 Rdd8 34. h6+ 1-0

[Event "GER-ch U16"]
[Site "Oberhof"]
[Date "2013.05.22"]
[Round "6"]
[White "Ott, Florian"]
[Black "Walter, Kevin"]
[Result "1/2-1/2"]
[WhiteElo "2072"]
[BlackElo "1931"]
[PlyCount "67"]
[EventDate "2013.05.19"]
[EventType "swiss"]
[EventRounds "9"]
[EventCountry "GER"]
[SourceTitle "CBM 154 Extra"]
[Source "ChessBase"]
[SourceDate "2013.06.25"]
[SourceVersion "2"]
[SourceVersionDate "2013.06.25"]
[SourceQuality "1"]

1. d4 d5 2. c4 c6 3. Nf3 dxc4 4. e3 Be6 5. Qc2 Nf6 6. Nbd2 b5 7. a4 Qa5 8. Be2 g6 9. 0-0 Na6 10. Qb1 Qb6 11. Ne5 Nb4 12. Bf3 Rd8 13. Ne4 Nxe4 14. Bxe4 Bg7 15. Bd2 Bxe5 16. Bxb4 Bd6 17. Qe1 Bxb4 18. Qxb4 a5 19. Qc5 Qxc5 20. dxc5 b4 21. Bxc6+ Kf8 22. Bb5 Rc8 23. c6 Bd5 24. Rac1 Kg7 25. Bxc4 Bxc6 26. Ba6 Rc7 27. Rc5 Ra8 28. Bb5 Bxb5 29. Rxc7 Bxf1 30. Kxf1 Kf6 31. Ke2 Ke6 32. Rc5 Kd6 33. Rb5 Rc8 34. Kd3 1/2-1/2

[Event "GER-ch Net final U14"]
[Site "Playchess.com INT"]
[Date "2012.09.15"]
[Round "6"]
[White "Everett, Elijah David"]
[Black "Walter, Kevin"]
[Result "0-1"]
[WhiteElo "1657"]
[BlackElo "1829"]
[PlyCount "44"]
[EventDate "2012.09.15"]
[EventType "swiss (blitz)"]
[EventRounds "9"]
[EventCountry "GER"]
[SourceTitle "CBM 150 Extra"]
[Source "ChessBase"]
[SourceDate "2012.10.19"]
[SourceVersion "1"]
[SourceVersionDate "2012.10.19"]
[SourceQuality "1"]

1. e4 c5 2. c3 Nf6 3. d3 d6 4. g3 g6 5. Bg2 Bg7 6. Nf3 0-0 7. 0-0 Nc6 8. Bg5 h6 9. Bxf6 Bxf6 10. Nbd2 Rb8 11. Qa4 b5 12. Qc2 b4 13. Rab1 Qa5 14. Nb3 Qb6 15. Nfd2 Be6 16. Rfe1 a5 17. a3 a4 18. Nc1 Qa5 19. cxb4 cxb4 20. Qxc6 Rfc8 21. axb4 Rxb4 22. Nc4 Rxc4 0-1